Insurrección en Nicaragua (Registro nro. 4243)

Detalles MARC
000 -CABECERA
Longitud fija campo de control 00545nam a2200193 a 4500
001 - NÚMERO DE CONTROL
Número de control 3754777
003 - IDENTIFICADOR DELl NÚMERO DE CONTROL
Identificador del número de control OSt
005 - FECHA Y HORA DE LA ÚLTIMA TRANSACCIÓN
Fecha y hora de la última transacción 20131120090054.0
008 - CÓDIGOS DE INFORMACIÓN DE LONGITUD FIJA
Códigos de información de longitud fija 830621s1981 cr h b 000 0 spa
010 ## - NÚMERO DE CONTROL DE LA BIBLIOTECA DEL CONGRESO
Número de control de LC 82118720
040 ## - FUENTE DE LA CATALOGACIÓN
Centro catalogador de origen DLC
Centro transcriptor BMC
082 ## - NÚMERO DE LA CLASIFICACIÓN DECIMAL DEWEY
Númeroo de clasificación 972.85053
100 1# - PUNTO DE ACCESO PRINCIPAL-NOMBRE DE PERSONA
9 (RLIN) 9350
Nombre de persona Suñol, Julio
245 10 - MENCIÓN DE TÍTULO
Título Insurrección en Nicaragua
Resto del título : la historia no contada
Mención de responsabilidad, etc. Julio Suñol
260 ## - PUBLICACIÓN, DISTRIBUCIÓN, ETC. (PIE DE IMPRENTA)
Lugar de publicación, distribución, etc. San José
Nombre del editor, distribuidor, etc. Editorial Costa Rica
Fecha de publicación, distribución, etc. 1981
300 ## - DESCRIPCIÓN FÍSICA
Extensión 237 p.
Dimensiones 21 cm
651 #4 - PUNTO DE ACCESO ADICIONAL DE MATERIA - NOMBRE GEOGRÁFICO
Nombre geográfico Nicaragua
Subdivisión de materia general Historia
Subdivisión cronológica 1979 (Revolución)
9 (RLIN) 9344
942 ## - ENTRADA DE ELEMENTOS AGREGADOS (KOHA)
Fuente de clasificaión o esquema Dewey Decimal Classification
Koha [por defecto] tipo de item 1- Monografias
Existencias
Suprimido Perdido Fuente de clasificación o esquema Estropeado Restricciones de uso No para préstamo Código de colección Localización permanente Localización actual Localización en estanter&íacute;as Fecha adquisición Fuente de adquisición Número de inventario Préstamos totales Signatura completa Código de barras Fecha última consulta Coste, precio reemplazado Fecha del precio de reemplazo Tipo de item de Koha
NULL NULL Dewey Decimal Classification NULL Prestable NULL NULL Biblioteca Miguel de Cervantes - UNICAES Biblioteca Miguel de Cervantes - UNICAES Sala Principal 18/11/2013 Donación - Mayorga Rivas 007328   972.85 SUÑ ins 1007328 18/11/2013 12.99 18/11/2013 1- Monografias